| 000 | 00549nam a2200181 i 4500 | ||
|---|---|---|---|
| 001 | 128786 | ||
| 003 | ES-MaACL | ||
| 005 | 20230906193347.0 | ||
| 007 | t| | ||
| 008 | 070524s1960 sp ||||1| spa d | ||
| 080 | _a82-311.2"19" | ||
| 100 | 1 |
_aTasaki, Hanama. _9109357 |
|
| 245 | 1 | 4 |
_aLas montañas permanecen / _cHanama Tasaki ; [Versión española de Mª Concepción Salvat]. |
| 260 |
_aBarcelona : _bCaralt, _c[1960] |
||
| 300 |
_a432 p. ; _c22 cm. |
||
| 700 | 1 |
_aSalvat, María Concepción. _9102116 |
|
| 852 |
_aES-MaACL _jC-17982 _bR.46078 |
||
| 999 |
_c128786 _d128786 |
||